Areál JM VINÁRSTVA, Doľany - výroba a enoturizmus

Salvato in:
Dettagli Bibliografici
Autore principale: Nagyová, Michaela (Autore)
Altri autori: Selcová, Ľubica (Relatore della tesi)
Natura: Manoscritto Libro
Lingua:slovacco
Pubblicazione: Bratislava 2023
Soggetti:
Accesso online:http://is.stuba.sk/zp/portal_zp.pl?podrobnosti=170449
Tags: Aggiungi Tag
Nessun Tag, puoi essere il primo ad aggiungerne!!

MARC

LEADER 00000ntm a22000003a 4500
001 stuzp94503
003 SK-STU
005 20231013094343.2
007 ta
008 150427s2015----xo-----f-mn---000-0-slo-d
040 |a STU  |b slo 
041 0 |a slo 
100 1 |a Nagyová, Michaela  |u 051110  |4 aut  |U FAD Fakulta architektúry a dizajnu  |T FAD Ústav architektúry obytných budov  |X 88047  |U A1110  |Y 392  |7 88047 
242 0 1 |a JM Winery, Doľany, Buildings for Production and Wine Tourism  |y eng 
245 1 0 |a Areál JM VINÁRSTVA, Doľany - výroba a enoturizmus 
260 |c 2023  |a Bratislava 
650 4 |a vinárstvo  |2 slo 
650 4 |a výrobná hala  |2 slo 
650 4 |a vinárstvo  |2 slo 
650 4 |a enotourism  |2 eng 
650 4 |a production hall  |2 eng 
650 4 |a winery  |2 eng 
700 1 |a Selcová, Ľubica  |u 051110  |k Z1  |4 ths  |U FAD Fakulta architektúry a dizajnu  |T FAD Ústav architektúry obytných budov  |X 4198  |U A1110  |Y 392  |7 A000004198 
856 4 |u http://is.stuba.sk/zp/portal_zp.pl?podrobnosti=170449  |u https://opac.crzp.sk/?fn=detailBiblioForm&sid=1755732D0F093F437CA336EAC795